UBT Library

Data communications and networks / (Record no. 43719)

000 -LEADER
fixed length control field 00729cam a22002294a 4500
001 - CONTROL NUMBER
control field 13735169
005 - DATE AND TIME OF LATEST TRANSACTION
control field 20180228084104.0
008 - FIXED-LENGTH DATA ELEMENTS--GENERAL INFORMATION
fixed length control field 040929s2006 maua 001 0 eng
010 ## - LIBRARY OF CONGRESS CONTROL NUMBER
LC control number 2004059743
020 ## - INTERNATIONAL STANDARD BOOK NUMBER
International Standard Book Number 0072964049 (alk. paper)
040 ## - CATALOGING SOURCE
Original cataloging agency DLC
Transcribing agency DLC
Modifying agency DLC
041 ## - LANGUAGE CODE
Language code of text/sound track or separate title eng
042 ## - AUTHENTICATION CODE
Authentication code pcc
080 ## - UNIVERSAL DECIMAL CLASSIFICATION NUMBER
Universal Decimal Classification number 004.6 DAV
082 00 - DEWEY DECIMAL CLASSIFICATION NUMBER
Classification number 004.6 DAV
Edition number 22
100 1# - Rafti
Rafti 35
101 ## - Shkurtesa
Shkurtesa SHK
245 10 - TITLE STATEMENT
Title Data communications and networks /
Statement of responsibility, etc Dave Miller.
906 ## - LOCAL DATA ELEMENT F, LDF (RLIN)
a 7
b cbc
c orignew
d 1
e ocip
f 20
g y-gencatlg
942 ## - ADDED ENTRY ELEMENTS (KOHA)
Source of classification or shelving scheme
Item type Books
Holdings
Withdrawn status Lost status Source of classification or shelving scheme Damaged status Not for loan Collection code Permanent location Current location Shelving location Date acquired Total Checkouts Full call number Barcode Date last seen Price effective from Koha item type
          Koleksioni i përgjithshem UBT - Lipjan UBT - Lipjan Koleksioni i përgjithshem 02/28/2018   004.6 DAV 002-3000208 02/28/2018 02/28/2018 Books
UBT Library © 2015-2024. All rights reserved University Education for Business and Technology